| 000 | 00493nam a2200169 a 4500 | ||
|---|---|---|---|
| 001 | 12958 | ||
| 003 | CO-ViMGA | ||
| 008 | 141112s2004 ck r 000 u spa d | ||
| 040 |
_aCO-ViMGA _bspa _cCO-ViMGA |
||
| 082 | 0 | 4 | _a581 D41b |
| 100 | 1 |
_aDiaz, Piedrahita Santiago _913245 |
|
| 245 | 1 | 0 | _aLa Botanica en Colombia, Hechos notables en su Desarrollo |
| 260 |
_aSantafé de Bogotá : _bGuadalupe, _c1991 |
||
| 300 | _a125p. | ||
| 650 | 1 | 4 |
_aBOTANICA - HISTORIA - COLOMBIA _918874 |
| 942 |
_2ddc _cBK |
||
| 999 |
_c23857 _d23857 |
||